000
00316nam a22001337a 4500
008
170327b xxu||||| |||| 00| 0 eng d
020
_a
9780781718691
041
_a
eng
080
_2
3RD
_a
615.83
100
_a
8
101
_a
SHM
245
_a
PHYSICAL EXAMINATION AND HISTORY TAKING
_c
BICKELY, L.S
942
_2
udc
_c
BK
999
_c
8735
_d
8735